LEADER 01215nam a2200277 i 4500 001 000000152307 003 CaOOAMICUS 005 20060802000000.0 008 060802s1984 it u000 u ita u 013 $a129648 040 $aSeMil$bita 100 1 $aPapini, Giovanni,$d<1881-1956>.$0(OLS)http://semarc/name/1547 245 10$aCarteggio :$b(1914-1941) /$cGiovanni Papini, Attilio Vallecchi ; a cura di Mario Gozzini ; premessa di Giorgio Luti. 260 $aFirenze :$bVallecchi,$ccopyr. 1984. 300 $aVII, 289 p. ;$c19 cm. 500 $aFondo Ciprandi. 650 4$aPapini, Giovanni <1881-1956> - Lettere e carteggi - Carteggio con A. Vallecchi.$0(OLS)http://semarc/subject/29744 700 1 $aLuti, Giorgio,$d<1926-2008>.$0(OLS)http://semarc/name/8564 700 1 $aGozzini, Mario.$0(OLS)http://semarc/name/2998 700 1 $aVallecchi, Attilio.$0(OLS)http://semarc/name/54502 850 $aSeMil 852 $aSeMil$W1$xVenegono$y1$m1D III 144$j104266$B104266$CSeMilBibl$Z2$F113320 $81 941 1 $a1 961 $aOmaggio: Ciprandi dott. Paolo 996 $6245$aCarteggio :$b(1914-1941)$9(OLS)http://semarc/title/222681 996 $6260$aFirenze :$bVallecchi$9(OLS)http://semarc/publisher/29768 LEADER 01177nam a2200229 i 4500 001 000000098961 003 CaOOAMICUS 005 20230721140846.0 008 171013s1856 it u000 u ita u 040 $aSeMil$bita 100 1 $aPagnoni, Luigi.$0(OLS)http://semarc/name/17760 245 10$aStoria della guerra d'Oriente sino alla presa di Sebastopoli ed alla pace di Parigi :$btratta dalle opere di Bazancourt, La Bedolliere, Mullois, ecc. /$ce recata in italiano da Luigi Pagnoni. 260 $aMilano :$bA spese dell'editore Luigi Pagnoni,$c1856. 300 $a557 p., [16] c. di tav. :$bill. ;$c23 cm. 650 4$aGuerra di Crimea <1853-1856>.$0(OLS)http://semarc/subject/45847 850 $aSeMil 852 $aSeMil$W1$xVenegono$y1$m3S III 5 FA$j56643$B56643$CSeMilBibl$Z2$F66472 $8I 941 1 $a10 961 $aRecupero: Mantegazza 996 $6245$aStoria della guerra d'Oriente sino alla presa di Sebastopoli ed alla pace di Parigi :$btratta dalle opere di Bazancourt, La Bedolliere, Mullois, ecc.$9(OLS)http://semarc/title/406389 996 $6260$aMilano :$bA spese dell'editore Luigi Pagnoni$9(OLS)http://semarc/publisher/56888